000
00324nam a22001457a 4500
020
_a
13-978-1-84681-426-4
082
_a
641.6
_b
STU
100
_a
STUART, WALTON
245
_a
COCKTAILS
260
_a
LONDON
_b
ANNESS PUBLISHER
_c
2010
300
_a
224
650
_a
HOTEL MANAGEMENT
653
_a
COCKTAILS
942
_2
ddc
_c
BK
999
_c
8118
_d
8118